000 01066nam a2200289 i 4500
001 bg
100 1 _aCANALS, Jordi.
245 1 0 _aStrategie konkurencyjne w europejskiej bankowości /
_cJordi Canals ; przekł. [z ang.] Piotr Wdowiński ; Fundacja Edukacyjna Przedsiębiorczości.
246 _iTyt. oryg.:
_aCompetitive strategies in European banking
260 _aWarszawa :
_bWydaw. Naukowe PWN,
_c1997.
300 _a330, [1] s. ;
_c21 cm.
490 1 _aPrzedsiębiorczość
500 _aOryg. : "Competitive strategies in European banking" 1993.
504 _aBibliogr. s. 323-330.
650 9 _aBanki
_zEuropa
_yod 1980 r.
650 9 _aKonkurencja
_xzagadnienia
655 _aPodręczniki akademickie
830 _aPrzedsiębiorczość
020 _a8301121831
040 _cBPK
041 1 _apl
_hen
080 _a336.71(4)"1980/..."(075.8)
920 _a83-01-12183-1
942 _cKS
008 s pl f |000 0 pol
856 _uhttp://koha.tu.koszalin.pl/cgi-bin/koha/opac-detail.pl?biblionumber=32326
_yKatalog online BPK
999 _c32326
_d32326